000 01041nam0a22002531 4500
001 rc\2795550
005 20230531193359.0
035 _a(NLR Aleph) 006921615
090 _a7452702
_c7452702
100 _a20110915d1935 |||y0rusy50 ca
101 0 _arus
102 _aRU
105 _aae z |||||
200 1 _aМетодическое пособие по физической географии
_eДля высш. педагог. учеб. заведений и препод. средн. школы
_eУтв. Наркомпросом РСФСР
_fА. Г. Беренс
210 _aМосква
_cГос. учеб.-педагог. изд-во
_d1935
_g5 тип. Трансжелдориздата
215 _aПереплет, 103 с.
_cил.
_d23х15 см.
320 _aБиблиогр.: "Литература" (с. 101-103)
700 1 _aБеренс
_bА. Г.
_gАркадий Густавович
801 0 _aRU
_bNLR
_gpsbo
801 1 _aRU
_bELAR
_2rusmarc
852 _aNLR
_j35-4/1683
942 _cBOOK
980 _aNB